Viagem ao mundo dos micróbios (Record no. 173150)

MARC details
000 -LÍDER
campo de controle de tamanho fixo 00392 a2200169 4500
001 - NÚMERO DE CONTROLE
campo de controle 173150
020 ## - ISBN - INTERNATIONAL STANDARD BOOK NUMBER
ISBN - International Standard Book Number 85-16-00681-6
040 ## - FONTE DA CATALOGAÇÃO
Instituição que transcreveu o registro Magnum
100 ## - ENTRADA PRINCIPAL--NOME PESSOAL
Nome pessoal Murgel Branco, Samuel
240 10 - TÍTULO UNIFORME
Título uniforme Viagem ao mundo dos micróbios
Idioma da obra por
245 10 - TÍTULO
Título Viagem ao mundo dos micróbios
300 ## - DESCRIÇÃO FÍSICA
Extensão 39
362 0# - DATAS DE PUBLICAÇÃO E/OU DESIGNAÇÃO SEQUENCIAL
Datas de publicação e/ou designação sequencial 1995
440 #1 - DECLARAÇÃO DE SÉRIE/ENTRADA ADICIONADA--TÍTULO
Título Moderna
697 ## - ENTRADA DE ASSUNTO LOCAL--ENTIDADE COLETIVA (RLIN)
Nome corporativo ou nome da jurisdição LITERATURA INFANTO-JUVENIL
942 ## - ELEMENTOS DE ENTRADA ADICIONADOS (KOHA)
Tipo de material Koha Livros
Holdings
Situação do descarte Situação das perdas Situação física Não pode ser emprestado Biblioteca de origem Biblioteca atual Data de aquisição Total de empréstimos Número de chamada completo Código de barras Data de último acesso Data do preço efetivo Tipo de material Koha
        Magnum Magnum 08/06/2024   869.2.504 MAG00020110 08/06/2024 08/06/2024 Livros
        Magnum Magnum 08/06/2024   869.2.504 MAG00020111 08/06/2024 08/06/2024 Livros
        Magnum Magnum 08/06/2024   869.2.504 MAG00020112 08/06/2024 08/06/2024 Livros
        Magnum Magnum 08/06/2024   869.2.504 MAG00020113 08/06/2024 08/06/2024 Livros
        Magnum Magnum 08/06/2024   869.2.504 MAG00020114 08/06/2024 08/06/2024 Livros
        Magnum Magnum 08/06/2024   869.2.504 MAG00020115 08/06/2024 08/06/2024 Livros
        Magnum Magnum 08/06/2024   869.2.504 MAG00020116 08/06/2024 08/06/2024 Livros
        Magnum Magnum 08/06/2024   869.2.504 MAG00020117 08/06/2024 08/06/2024 Livros
        Magnum Magnum 08/06/2024   869.2.504 MAG00020118 08/06/2024 08/06/2024 Livros